El municipio libre : (Record no. 135089)

MARC details
000 -LEADER
fixed length control field 00943nam a22002297a 4500
005 - DATE AND TIME OF LATEST TRANSACTION
control field 20170626132125.0
008 - FIXED-LENGTH DATA ELEMENTS--GENERAL INFORMATION
fixed length control field 170626b mx ||||| |||| 00| 0 spa d
020 ## - INTERNATIONAL STANDARD BOOK NUMBER
International Standard Book Number 9786077613428
050 04 - LIBRARY OF CONGRESS CALL NUMBER
Classification number JS2119 .5 .Z33
Item number R65 2010
100 1# - MAIN ENTRY--PERSONAL NAME
Personal name Rojas, Beatriz.
245 13 - TITLE STATEMENT
Title El municipio libre :
Remainder of title una utopía perdida en el pasado : los pueblos de Zacatecas, 1786-1835
Statement of responsibility, etc / Beatriz Rojas
250 ## - EDITION STATEMENT
Edition statement 1a ed.
260 ## - PUBLICATION, DISTRIBUTION, ETC. (IMPRINT)
Place of publication, distribution, etc México :
Name of publisher, distributor, etc Instituto de Investigaciones Dr. José María Luis Mora,
Date of publication, distribution, etc 2010.
300 ## - PHYSICAL DESCRIPTION
Extent 307 p. :
Other physical details map. ;
Dimensions 23 cm.
490 ## - SERIES STATEMENT
Series statement Historia Política
504 ## - BIBLIOGRAPHY, ETC. NOTE
Bibliography, etc Incluye bibliografía (p.283-293)<br/> e índice
650 #7 - SUBJECT ADDED ENTRY--TOPICAL TERM
Source of heading or term LEMB
Topical term or geographic name as entry element Gobierno municipal
General subdivision Historia
Geographic subdivision Zacatecas, México
650 #7 - SUBJECT ADDED ENTRY--TOPICAL TERM
Source of heading or term LEMB
Topical term or geographic name as entry element Gobierno representativo
General subdivision Historia
Geographic subdivision Zacatecas, México
651 #7 - SUBJECT ADDED ENTRY--GEOGRAPHIC NAME
Source of heading or term LEMB
Geographic name Zacatecas
General subdivision Política y gobierno
Chronological subdivision Siglo XVIII
Geographic subdivision México
651 #7 - SUBJECT ADDED ENTRY--GEOGRAPHIC NAME
Source of heading or term LEMB
Geographic name Zacatecas
General subdivision Política y gobierno
Chronological subdivision Siglo XIX
942 ## - ADDED ENTRY ELEMENTS (KOHA)
Source of classification or shelving scheme Biblioteca del Cogreso de los Estados Unidos
Koha item type Libro
Holdings
Estado de pérdida Fuente de clasificación Estado del daño No para préstamo Ubicación permanente Ubicación actual Apartado o colección Fecha de adquisición Edición Dependencia de educación superior (DES) Área del conocimiento Clasificación Código de Barras Date last seen Número de copia Tipo de recurso Nota pública
  Biblioteca del Cogreso de los Estados Unidos     Biblioteca del Instituto de Investigaciones Históricas Biblioteca del Instituto de Investigaciones Históricas General 26/06/2017 1a ed. Humanidades Ciencias Sociales y Administrativas JS2119 .5 .Z33 R65 2010 IIH000016324 26/06/2017 C:1 Libro GENERAL